Особенности учета налога на прибыль хозяйственных организаций в России и во Вьетнаме: сравнительный анализ; Экономика России в XXI веке; Т. 1

Dades bibliogràfiques
Parent link:Экономика России в XXI веке: сборник научных трудов XII Международной научно-практической конференции "Экономические науки и прикладные исследования", г. Томск, 17-21 ноября 2015 г./ Национальный исследовательский Томский политехнический университет (ТПУ) ; ред. кол. Г. А. Барышева [и др.].— , 2015
Т. 1.— 2015.— [С. 601-610]
Autor principal: Фам Тхи То Уиен
Autor corporatiu: Национальный исследовательский Томский политехнический университет (ТПУ) Институт социально-гуманитарных технологий (ИСГТ) Кафедра экономики (ЭКОН)
Altres autors: Спицына Л. Ю. Любовь Юрьевна (научный руководитель)
Sumari:Заглавие с титульного экрана
В данной работе рассмотрены особенности учета налога на прибыль организаций в России и во Вьетнаме, проведен сравнительный анализ по ставкам налога, порядку расчета, срокам уплаты авансовых платежей. Сделаны выводы, что система учета налога на прибыль в двух странах в основном одинаковая, но также существуют несколько различий, изучение которых позволит усовершенствовать деятельность фирмы благодаря сокращению налоговых платежей.
Idioma:rus
Publicat: 2015
Col·lecció:Современные тенденции развития бухгалтерского, управленческого и финансового учета в России
Matèries:
Accés en línia:http://earchive.tpu.ru/handle/11683/15543
http://www.lib.tpu.ru/fulltext/c/2015/C40/V1/115.pdf
Format: MixedMaterials Electrònic Capítol de llibre
KOHA link:https://koha.lib.tpu.ru/cgi-bin/koha/opac-detail.pl?biblionumber=616829

MARC

LEADER 00000naa2a2200000 4500
001 616829
005 20231101132929.0
035 |a (RuTPU)RU\TPU\conf\15085 
035 |a RU\TPU\conf\15084 
090 |a 616829 
100 |a 20160125d2015 k y0rusy50 ca 
101 0 |a rus 
102 |a RU 
105 |a y z 101zy 
135 |a drcn ---uucaa 
181 0 |a i  
182 0 |a b 
200 1 |a Особенности учета налога на прибыль хозяйственных организаций в России и во Вьетнаме: сравнительный анализ  |f Фам Тхи То Уиен  |g науч. рук. Л. Ю. Спицына 
203 |a Текст  |c электронный 
225 1 |a Современные тенденции развития бухгалтерского, управленческого и финансового учета в России 
230 |a 1 компьютерный файл (pdf; 460 Kb) 
300 |a Заглавие с титульного экрана 
320 |a [Библиогр.: с. 608-610 (19 назв.)] 
330 |a В данной работе рассмотрены особенности учета налога на прибыль организаций в России и во Вьетнаме, проведен сравнительный анализ по ставкам налога, порядку расчета, срокам уплаты авансовых платежей. Сделаны выводы, что система учета налога на прибыль в двух странах в основном одинаковая, но также существуют несколько различий, изучение которых позволит усовершенствовать деятельность фирмы благодаря сокращению налоговых платежей. 
337 |a Adobe Reader 
461 1 |0 (RuTPU)RU\TPU\conf\14421  |t Экономика России в XXI веке  |o сборник научных трудов XII Международной научно-практической конференции "Экономические науки и прикладные исследования", г. Томск, 17-21 ноября 2015 г.  |o в 2 т.  |f Национальный исследовательский Томский политехнический университет (ТПУ) ; ред. кол. Г. А. Барышева [и др.]  |d 2015 
463 0 |0 (RuTPU)RU\TPU\conf\14422  |t Т. 1  |v [С. 601-610]  |d 2015 
610 1 |a труды учёных ТПУ 
610 1 |a электронный ресурс 
610 1 |a налоги на прибыль 
610 1 |a хозяйственные организации 
610 1 |a Россия 
610 1 |a Вьетнам 
610 1 |a сравнительный анализ 
610 1 |a налоговые платежи 
700 0 |a Фам Тхи То Уиен 
702 1 |a Спицына  |b Л. Ю.  |c экономист  |c доцент Томского политехнического университета, кандидат экономических наук  |f 1976-  |g Любовь Юрьевна  |2 stltpush  |4 727 
712 0 2 |a Национальный исследовательский Томский политехнический университет (ТПУ)  |b Институт социально-гуманитарных технологий (ИСГТ)  |b Кафедра экономики (ЭКОН)  |h 149  |2 stltpush  |3 (RuTPU)RU\TPU\col\18375 
801 2 |a RU  |b 63413507  |c 20210209  |g RCR 
856 4 |u http://earchive.tpu.ru/handle/11683/15543 
856 4 |u http://www.lib.tpu.ru/fulltext/c/2015/C40/V1/115.pdf 
942 |c BK